000 00408nam a2200169Ia 4500
001 5322
003 IN-NITTTR
005 20251114233008.0
008 251113s9999||||xx |||||||||||||| ||eng||
040 _beng
040 _cIN-NITTTR
041 _aeng
082 _a227.8708 M422M
100 _aMatthew, Anjilvel V.
245 4 _aThe message of the Hebrew prophets /
_cMatthew, Anjilvel V.
942 _2ddc
_cBK
999 _c7958
_d7958